000 00529nam a2200229Ia 4500
005 20230317173806.0
008 230125s9999 xx 000 0 und d
020 _a9789353502263
041 _aeng
082 _a658.001
_bGAN
100 _aGanguly A
_9109914
245 _aPrinciples Of Management
250 _a1st Ed.
260 _c2020
_bCengage Learning
_aIndia
300 _a144p
500 _aPPM
650 _aPPM
700 _aGanguly A & Bhadury J
_9106412
906 _b49
942 _cBK
999 _c96370
_d96370